000 00383nam a22001697a 4500
005 20180327112118.0
008 160616b xxu||||| |||| 00| 0 eng d
020 _a978-0-07-022164-2
041 _aeng
082 _b7982
_a338.88
100 _aAswathappa K
_94240
245 _aInternational Business
260 _bTMH
300 _a669
650 _aManagement
_9241
942 _cBK
999 _c2951
_d2950